| 000 | 00527nam a2200193Ia 4500 | ||
|---|---|---|---|
| 003 | GCL | ||
| 008 | 140319s9999 xx 000 0 eng d | ||
| 040 |
_aGCL / _cGCL |
||
| 082 | 0 | 4 |
_a629.12355 _bS F |
| 100 | 1 | _aSCHREIBER, WILLIAM F. | |
| 245 | 1 | 0 |
_aFUNDAMENTALS OF ELECTRONICS IMAGING SYSTEMS / _cSCHREIBER, WILLIAM F. |
| 260 |
_a[S.N] : _bSPRINGER - VERLAG ، _c1993 |
||
| 300 | _a332 | ||
| 650 | 0 | 4 | _aQUANTIZATION |
| 650 | 0 | 4 | _aELECTRONICS |
| 650 | 0 | 4 | _aINFORMATION SCIENCE |
| 650 | 0 | 4 | _aGRAPHIC ARTS |
| 942 |
_2ddc _cBK |
||
| 999 |
_c16794 _d16794 |
||